00708nam a2200145Ia 4500008004100000050002400041100003800065245020000103260008600303300002900389521001200418942000700430999001900437952010600456140724s9999 xx 000 0 und d aRT 84.5b.D582 2007 aDimaandal, Erika Larraine Santos. aCognitive preparedness of pioneer nursing students of Southville International School and Colleges in taking the Philippine Nurses Licensure Examination (PNLE) /cErika Larraine Santos Dimaandal. aLas Piñas, Philippines :bSouthville International School and Colleges,cc2007. a102 p. :bill. ;c28 cm. aNursing cTH c229047d229047 001040aCLbCLcTHESESd2014-07-24l0oR 84.5 .D582 2007pT0401r2018-05-15 00:00:00w2014-07-24yTH